Sýty hladnému neverí

Hodnotenie summitu v Monterey o spoločnom postupe v otázke svetovej chudoby. Spôsoby pomoci. Ciele rozvoja podľa OSN. Obchod ako nástroj rozvoja. Nedostatok riešení závažných problémov. Kritika summitu.

Na minha lista:
Detalhes bibliográficos
Autor principal: Rejta, Štefan
Formato: Capítulo de Livro
Idioma:eslovaco
Assuntos:
Tags: Adicionar Tag
Sem tags, seja o primeiro a adicionar uma tag!

MARC

LEADER 00000naa a2200000 4500
001 r044874
005 20230920073953.4
041 0 |a slo 
044 |a SK 
245 1 0 |a Sýty hladnému neverí  |c Štefan Rejta 
520 |a Hodnotenie summitu v Monterey o spoločnom postupe v otázke svetovej chudoby. Spôsoby pomoci. Ciele rozvoja podľa OSN. Obchod ako nástroj rozvoja. Nedostatok riešení závažných problémov. Kritika summitu. 
610 2 0 |a politika svetová 
610 2 0 |a summity 
610 2 0 |a krajiny rozvojové 
610 2 0 |a krajiny vyspelé 
610 2 0 |a dlhy 
610 2 0 |a pomoc rozvojová 
610 2 0 |a spolupráca hospodárska medzinárodná 
100 1 |a Rejta, Štefan